000 00706nam a2200205 u 4500
005 20230204063942.0
008 090818s2006 es r 000 0 spa d
020 _a8487682790
035 _aUPN01000171900
049 _aCG
050 4 _aHC79 E5
_bA3.3
245 0 0 _aAgencias ambientales :
_bEuropa y América del Norte : perspectivas y alcances /
_ccoord. Miriam Alfie Cohen.
260 _aBarcelona, Esp. :
_bPomares :
_bUAM,
_c2006.
300 _a157 p. :
_bgráfs., cuadros
650 4 _aPOLITICA AMBIENTAL -
_zEUROPA
_918074
650 4 _aPOLITICA AMBIENTAL -
_zAMERICA DEL NORTE
_918073
650 4 _aProtección del medio ambiente
_96588
700 1 _aAlfie Cohen, Miriam,
_ecoord.
905 _aLibro
999 _c144004
_d144004